Analýza nulového bodu kooperácie vo vybraných podnikoch
Výsledky výskumu uskutočneného v 71 podnikoch poskytujúcich služby a pôsobiacich na Slovensku. Väčšina zúčastnených - živnostníci poskytujúci služby (kaderníctvo, kozmetika a iné). Porovnanie podnikateľských subjektov uskutočnené na základe všeobecne známej analýzy nulového bodu. Analýza efektívnost...
Gespeichert in:
| 1. Verfasser: | |
|---|---|
| Format: | Buchkapitel |
| Sprache: | Slowakisch |
| Schlagworte: | |
| Tags: |
Keine Tags, Fügen Sie das erste Tag hinzu!
|
MARC
| LEADER | 00000nla$a2200000$$$4500 | ||
|---|---|---|---|
| 001 | 0142389 | ||
| 005 | 20240502072542.7 | ||
| 041 | 0 | |a slo | |
| 044 | |a SK | ||
| 245 | 1 | 0 | |a Analýza nulového bodu kooperácie vo vybraných podnikoch |c Denisa Gajdová |
| 520 | |a Výsledky výskumu uskutočneného v 71 podnikoch poskytujúcich služby a pôsobiacich na Slovensku. Väčšina zúčastnených - živnostníci poskytujúci služby (kaderníctvo, kozmetika a iné). Porovnanie podnikateľských subjektov uskutočnené na základe všeobecne známej analýzy nulového bodu. Analýza efektívnosti podnikania jednotlivých prevádzok. | ||
| 610 | 2 | 0 | |a kooperácia |
| 610 | 2 | 0 | |a združenia podnikov |
| 610 | 2 | 0 | |a podnikanie |
| 610 | 2 | 0 | |a služby |
| 610 | 2 | 0 | |a živnostníci |
| 610 | 2 | 0 | |a efektívnosť |
| 610 | 2 | 0 | |a prieskum informačný |
| 610 | 2 | 0 | |a Slovensko |
| 100 | 1 | |a Gajdová, Denisa, 1977- | |